Loading...
| Science - Physics | 0 | 4 | 0 | 1 | 40 | 108 | 116.00 | 0 | 3 | 0.00 | 0.00 |
| Fine Arts - Other | 0 | 3 | 0 | 2 | 30 | 56 | 108.67 | 1 | 2 | 0.00 | 0.00 |
| Mythology | 0 | 2 | 0 | 0 | 20 | 73 | 94.50 | 0 | 2 | 0.00 | 0.00 |
| Fine Arts - Painting and Sculpture | 0 | 3 | 2 | 0 | 20 | 72 | 74.00 | 0 | 3 | 0.00 | 0.00 |
| Philosophy | 0 | 2 | 1 | 0 | 15 | 118 | 121.00 | 0 | 2 | 0.00 | 0.00 |
| History - Other | 0 | 1 | 0 | 0 | 10 | 43 | 43.00 | 0 | 1 | 0.00 | 0.00 |
| Religion | 0 | 1 | 1 | 1 | 5 | 105 | 105.00 | 0 | 1 | 0.00 | 0.00 |
| Literature - British | 0 | 1 | 1 | 0 | 5 | 91 | 91.00 | 0 | 1 | 0.00 | 0.00 |
| Science - Other | 0 | 1 | 1 | 1 | 5 | 102 | 102.00 | 0 | 0 | 0.00 | 0.00 |
| Science - Chemistry | 0 | 1 | 2 | 0 | 0 | 122 | 122.00 | 0 | 1 | 0.00 | 0.00 |
| Social Science | 0 | 0 | 1 | 0 | -5 | 0.00 | 0 | 0 | 0.00 | 0.00 | |
| History - American | 0 | 0 | 1 | 0 | -5 | 0.00 | 0 | 0 | 0.00 | 0.00 | |
| Science - Biology | 0 | 0 | 3 | 0 | -15 | 0.00 | 0 | 0 | 0.00 | 0.00 | |
| Literature - World | 0 | 0 | 3 | 0 | -15 | 0.00 | 0 | 0 | 0.00 | 0.00 |